Word Ladder: California Hockey Quiz Stats

 Plays Quiz Updated Oct 28, 2015

Challenge
Share
Tweet
Embed
Score 0/12 Timer 01:30
0 Plays Today
Hint 4-Letter Word % Correct
Nintendo's Donkey ____KONG
96%
●Home to a Shark: San ____●JOSE●
94.4%
Hockey playing surfaceRINK
92.5%
●Los Angeles hockey team member●●KING●
91.9%
Gollum's obssessionRING
91.6%
Skeleton componentBONE
91.3%
Deep sound from a bellBONG
88.2%
Moranis or AstleyRICK
85.5%
Flexible water conduitHOSE
85.1%
SharpenHONE
83.5%
●Anaheim hockey team member●●DUCK●
79.1%
Mass of rugby playersRUCK
73.6%

Today's Daily Dose

You're not logged in!

Compare scores with friends on all Sporcle quizzes.
Join for Free
OR
Log In

You Might Also Like...

Show Comments

Extras

Top Quizzes Today


Score Distribution

Your Account Isn't Verified!

In order to create a playlist on Sporcle, you need to verify the email address you used during registration. Go to your Sporcle Settings to finish the process.

Report this User

Report this user for behavior that violates our Community Guidelines.

Details: